00340cam a2200145ua 45000010005000000080039000050400009000440410008000530820008000611000032000692450046001012500009001472600028001563000010001848623150210n xxk |||gr||||Z||||||eng cMAIN aeng a824 aCharlton, J. M.,eCompilor.1 aModern essayscCompiled by J. M. Charlton a1st. aLondon:bBlakie,c1966. a182p.